000 00303nam a22001337a 4500
008 180806b xxu||||| |||| 00| 0 eng d
082 _a813.52
245 _aMicrosoft office for teacher
_cFEWELL.P.J
260 _c2006
300 _a1
_fCD
440 _x0131193767
760 _b2 nd
942 _2ddc
_cMX
999 _c46867
_d46867